OPEN CHANNEL HYDRAULICS / (Record no. 586875)

000 -LEADER
fixed length control field 00338nam a22001457a 4500
020 ## - INTERNATIONAL STANDARD BOOK NUMBER
Qualifying information HB.
040 ## - CATALOGING SOURCE
Transcribing agency FIZZA ISHAQ
082 ## - DEWEY DECIMAL CLASSIFICATION NUMBER
Classification number 627.23
Author Mark TER
100 ## - MAIN ENTRY--PERSONAL NAME
Personal name STURM, TERRYW.
9 (RLIN) 85071
245 ## - TITLE STATEMENT
Title OPEN CHANNEL HYDRAULICS /
250 ## - EDITION STATEMENT
Edition statement 2nd ED.
260 ## - PUBLICATION, DISTRIBUTION, ETC.
Place of publication, distribution, etc. NEW YORK :
Name of publisher, distributor, etc. MC. GEROW HILL,
Date of publication, distribution, etc. 2010.
300 ## - PHYSICAL DESCRIPTION
Extent 546 P. ;
942 ## - ADDED ENTRY ELEMENTS (KOHA)
Source of classification or shelving scheme
Koha item type Book
Holdings
Withdrawn status Lost status Source of classification or shelving scheme Damaged status Not for loan Permanent Location Current Location Date acquired Total Checkouts Full call number Date last seen Copy number Price effective from Koha item type
          NUST Baluchistan Campus (NBC) NUST Baluchistan Campus (NBC) 11/24/2021   627.23 TER 11/24/2021 Q-2082 11/24/2021 Book
© 2023 Central Library, National University of Sciences and Technology. All Rights Reserved.